| 000 | 00475nam a22001817a 4500 | ||
|---|---|---|---|
| 999 |
_c2485 _d2485 |
||
| 005 | 20181015174801.0 | ||
| 008 | 181015b ||||| |||| 00| 0 eng d | ||
| 020 | _a0340322624 | ||
| 040 | _cDLC | ||
| 082 |
_a262.03 _bU79F |
||
| 100 | _aUrquhart, Colin | ||
| 245 |
_aFaith For The Future _cColin Urquhart |
||
| 260 |
_aLondon _bHodder And Stroughton _c1982 |
||
| 300 | _a203p,; | ||
| 650 |
_aFaith _xPentecostalism |
||
| 650 |
_aChurch of England _xClergy |
||
| 942 |
_2ddc _cBK |
||